000 00297nam a2200121Ia 4500
008 201210s9999 xx 000 0 und d
100 _aKothari, G. M
245 0 _aLabour Law and Practice
260 _aCalcutta
_bInternational Law Book Centre
_c1979
300 _a0
490 _vVol-I
942 _cBK
999 _c5309
_d5309